<?xml version="1.0" encoding="UTF-8"?>
<record
    xmlns:xsi="http://www.w3.org/2001/XMLSchema-instance"
    xsi:schemaLocation="http://www.loc.gov/MARC21/slim http://www.loc.gov/standards/marcxml/schema/MARC21slim.xsd"
    xmlns="http://www.loc.gov/MARC21/slim">

  <leader>00661nam a22001937a 4500</leader>
  <datafield tag="999" ind1=" " ind2=" ">
    <subfield code="c">176010</subfield>
    <subfield code="d">176010</subfield>
  </datafield>
  <controlfield tag="005">20201017142702.0</controlfield>
  <datafield tag="010" ind1=" " ind2=" ">
    <subfield code="a">UR-10893</subfield>
  </datafield>
  <datafield tag="020" ind1=" " ind2=" ">
    <subfield code="c">184.00</subfield>
    <subfield code="a">9789389733273</subfield>
  </datafield>
  <datafield tag="035" ind1=" " ind2=" ">
    <subfield code="a">U-9448</subfield>
  </datafield>
  <datafield tag="037" ind1=" " ind2=" ">
    <subfield code="b">DBAD/PUB</subfield>
  </datafield>
  <datafield tag="082" ind1=" " ind2=" ">
    <subfield code="a">840.8</subfield>
  </datafield>
  <datafield tag="100" ind1=" " ind2=" ">
    <subfield code="a">&#x641;&#x627; &#x637;&#x645;&#x6C1; &#x628;&#x64A;&#x6AF;&#x645; </subfield>
  </datafield>
  <datafield tag="245" ind1=" " ind2=" ">
    <subfield code="a">&#x62F; &#x6A9;&#x646;&#x6CC; &#x627; &#x62F; &#x628; &#x627; &#x64A;&#x6A9; &#x645;&#x637;&#x627; &#x644;&#x639;&#x6C1;</subfield>
    <subfield code="c">&#x641;&#x627; &#x637;&#x645;&#x6C1; &#x628;&#x64A;&#x6AF;&#x645; </subfield>
  </datafield>
  <datafield tag="246" ind1=" " ind2=" ">
    <subfield code="b">Daccani Adab Ek Mutalae</subfield>
    <subfield code="a">by Fatima Begum </subfield>
  </datafield>
  <datafield tag="260" ind1=" " ind2=" ">
    <subfield code="a">N.Delhi </subfield>
    <subfield code="b">Educational Publishing House</subfield>
    <subfield code="c">2019 &#x621;</subfield>
  </datafield>
  <datafield tag="270" ind1=" " ind2=" ">
    <subfield code="a">H.O.D1/16,Ansari Road,Darya ganj,</subfield>
    <subfield code="b">N.Delhi</subfield>
    <subfield code="e">110002</subfield>
    <subfield code="k">45678285,23216162</subfield>
    <subfield code="l">0091-11-23211540</subfield>
  </datafield>
  <datafield tag="300" ind1=" " ind2=" ">
    <subfield code="a">302 &#x635; </subfield>
    <subfield code="c">22 Cm(Hb)</subfield>
  </datafield>
  <datafield tag="942" ind1=" " ind2=" ">
    <subfield code="2">ddc</subfield>
    <subfield code="c">UR</subfield>
    <subfield code="h">840.8</subfield>
    <subfield code="m">&#x641; &#x627; &#x637; </subfield>
  </datafield>
  <datafield tag="952" ind1=" " ind2=" ">
    <subfield code="0">0</subfield>
    <subfield code="1">0</subfield>
    <subfield code="4">0</subfield>
    <subfield code="7">0</subfield>
    <subfield code="8">NFIC</subfield>
    <subfield code="a">DBAD</subfield>
    <subfield code="b">DBAD</subfield>
    <subfield code="d">2020-10-17</subfield>
    <subfield code="e">DBAD/PUB</subfield>
    <subfield code="g">184.00</subfield>
    <subfield code="l">1</subfield>
    <subfield code="o">840.8 &#x641; &#x627; &#x637;</subfield>
    <subfield code="p">U-9448</subfield>
    <subfield code="r">2021-07-01 00:00:00</subfield>
    <subfield code="s">2021-06-07</subfield>
    <subfield code="t">1</subfield>
    <subfield code="v">184.00</subfield>
    <subfield code="w">2020-10-17</subfield>
    <subfield code="y">UR</subfield>
  </datafield>
</record>
